000 00361nam a2200145 i 4500
001 bg
100 1 _aBOTWIN, Mieczysław
245 0 _aMechanika i wytrzymałość materiałów /
_cM. Botwin.
260 _aWarszawa,
_c1980.
040 _cBPK
041 _apol
080 _a531/534:539.3/.6](075.8)
942 _cKS
008 s pl f |000 0 pol
999 _c1519
_d1519
856 _uhttp://koha.tu.koszalin.pl/cgi-bin/koha/opac-detail.pl?biblionumber=1519
_yKatalog online BPK